000 00855nam a2200229 a 4500
001 59385
003 BD-RjUL
005 20211209080725.0
008 161224s1994 ii ||||| |||| 001 0 eng d
020 _a8171006178
035 _a(BD-RjUL)59509
040 _aBD-RjUL
_beng
_cBD-RjUL
_dBD-RjUL
041 _aeng
082 _223
_a338.17360954
_bKUS 1994
100 _a Kumar, Chittaranjan
_9176620
245 _aSugar industry management :
_bfinancial, production, marketing and industrial relations, the role and working of state sugar corporation /
_cChittaranjan Kumar.
260 _aNew Delhi :
_bDeep & Deep Publications,
_c©1994
300 _aviii, 159 p. ;
_c22 cm.
504 _aIncludes index and bibliography
650 _aSugar trade -- India
_v Zuckerindustrie -- Ernährungsberufe
_zBihar State Sugar Corporation.
_9176621
942 _2ddc
_cBK
999 _c59385
_d59385